Industrial fire brigade training : incipient level /

Bibliographic Details
Corporate Author: International Fire Service Training Association
Other Authors: Goodson, Carl, Adams, Barbara (Barbara Ellen), Sneed, Marsha
Format: Book
Language:English
Published: Stillwater, OK : Fire Protection Publications, Oklahoma State University, [1995]
Edition:1st ed.
Subjects:

MARC

Tag First Indicator Second Indicator Subfields
LEADER 00000cam a2200000 a 4500
001 in00001403896
005 20151020054238.0
008 950125s1995 okua s001 0 eng d
010 |a  95060169  
020 |a 0879391197 
035 |a (OCoLC)32383698 
035 |9 AHN0861AM 
040 |a MnSFIR  |c DLC  |d TXA  |d UtOrBLW 
042 |a lccopycat 
043 |a n-us--- 
049 |a TXAM 
050 0 0 |a TH9445.M4  |b I46 1995 
082 0 0 |a 628.9/25  |2 20 
245 0 0 |a Industrial fire brigade training :  |b incipient level /  |c edited by Carl Goodson, Barbara Adams, Marsha Sneed ; validated by the International Fire Service Training Association. 
246 1 8 |a Incipient fire brigade 
250 |a 1st ed. 
264 1 |a Stillwater, OK :  |b Fire Protection Publications, Oklahoma State University,  |c [1995] 
264 4 |c ©1995 
300 |a xi, 168 :  |b illustrations (some color) ;  |c 28 cm. 
336 |a text  |b txt  |2 rdacontent 
337 |a unmediated  |b n  |2 rdamedia 
338 |a volume  |b nc  |2 rdacarrier 
500 |a "35816"--Spine. 
504 |a Includes bibliographical references and index. 
505 0 |a Fire brigade organization and responsibilities -- Fire behavior - - Hose, nozzles, and appliances -- Portable fire extinguishers -- Fire detection and alarm systems -- Fixed extinguishing systems -- Hazard recognition -- Incident management -- Glossary -- Tables. 
650 0 |a Industrial buildings  |x Fires and fire prevention. 
650 0 |a Fire extinction  |x Study and teaching. 
650 0 |a Fire fighters  |x Education  |x Fires and fire prevention. 
700 1 |a Goodson, Carl. 
700 1 |a Adams, Barbara  |q (Barbara Ellen) 
700 1 |a Sneed, Marsha. 
710 2 |a International Fire Service Training Association. 
948 |a c:rd 
999 |a MARS 
999 f f |s 6d58ba88-eeea-369c-b19d-a7241f924153  |i f0e029f1-8734-3c5f-8e24-b5f1cd286162  |t 0 
952 f f |p ric  |a Texas A&M University  |b Rellis Campus  |c Joint Library Facility  |d Remote Storage  |t 0  |e TH9445.M4 I46 1995  |h Library of Congress classification  |i unmediated -- volume  |m A14822404390 
998 f f |a TH9445.M4 I46 1995  |t 0  |l Remote Storage